| 000 | 00506nam a2200205Ia 4500 | ||
|---|---|---|---|
| 003 | GCL | ||
| 008 | 140319s9999 xx 000 0 eng d | ||
| 040 |
_aGCL / _cGCL |
||
| 082 | 0 | 4 |
_a616 _bA A |
| 100 | 1 | _aARONSON, J K | |
| 245 | 1 | 0 |
_aABC OF MONITORING DRUG THERAPY / _cARONSON, J K |
| 700 | 1 | _aHARDMAN, M | |
| 700 | 1 | _aREYNOLDS, D J | |
| 260 |
_a[S.N] : _bBMJ PUBLISHING GROUP ، _c1993 |
||
| 300 | _a38 | ||
| 650 | 0 | 4 | _aDRUG THERAPY |
| 650 | 0 | 4 | _aDISEASES |
| 650 | 0 | 4 | _aMEDICINE |
| 942 |
_2ddc _cBK |
||
| 999 |
_c10922 _d10922 |
||